Państwa będące największymi eksporterami żywności netto - Statystyki

Ogólne statystyki
  • Ten quiz został rozwiązany 4 901 razy
  • Średni wynik to 12 z 20
Statystyki odpowiedzi
Netto $ Państwo % Poprawnych
4,73 mld Stany Zjednoczone
98%
11,0 mld Polska
92%
73,6 mld Brazylia
89%
10,8 mld Francja
85%
26,6 mld Argentyna
81%
11,6 mld Kanada
81%
17,2 mld Hiszpania
80%
14,2 mld Ukraina
80%
9,09 mld Indie
79%
6,70 mld Meksyk
79%
21,0 mld Australia
65%
5,03 mld Chile
57%
15,5 mld Indonezja
52%
32,0 mld Holandia
35%
20,6 mld Tajlandia
35%
18,8 mld Nowa Zelandia
34%
6,64 mld Belgia
29%
5,59 mld Malezja
26%
4,95 mld Dania
24%
5,93 mld Wybrzeże Kości Słoniowej
4%
Nie znaleziono quizów pasujących do podanych kryteriów
Rozkład punktacji
Procent ludzi z każdym wynikiem
Percentyl według liczby udzielonych odpowiedzi
Twoja historia wyników
Nie rozwiązałeś tego quizu